000 01421cam a2200181 4500500
005 20251228095139.0
041 _afre
042 _adc
100 1 0 _aLévi, Florence
_eauthor
245 0 0 _aGuy Samama (1943-2022)
260 _c2022.
500 _a38
520 _aCet article réinterroge la démarche tourmentée d’Antonin Artaud qui établit une relation entre ce qu’il considère comme deux expériences extrêmes : la peste et l’état de l’acteur sur la scène qui se transforme et est susceptible par son acte de contaminer « comme la peste » les spectateurs.
520 _aThis article questions the tormented approach developed by Antonin Artaud, who saw a connection between what he considered as being two extreme forms of experience : the plague and the state of the actor on stage. The latter, undergoing a transformation on stage, is liable to infect the audience “just like the plague”.
520 _aEste artigo volta a questionar o inquietante pensamento de Antonin Artaud quando estabelece uma relação entre duas experiências que considera extremas : a peste e a condição do ator no palco sobre o qual ele se transforma e consegue, através dos seus gestos, contaminar, “como a peste”, os espetadores.
786 0 _nSigila | 50 | 2 | 2022-12-07 | p. 13-13 | 1286-1715
856 4 1 _uhttps://shs.cairn.info/revue-sigila-2022-2-page-13?lang=fr&redirect-ssocas=7080
999 _c1605675
_d1605675